000 00961nam a2200265 i 4500
001 bg
245 0 0 _aWoda - Środowisko - Obszary wiejskie =
_bWater - Environment - Rural areas.
_nT.1.
_nZ.2(2) /
_cInstytut Melioracji i Użytków Zielonych.
260 _aFalenty :
_bWydaw. IMUZ,
_c2001.
300 _a202 s. :
_bil. ;
_c24 cm.
490 1 _x1642-8145
504 _aStreszcz przy art.
650 9 _aWody śródlądowe
_xochrona
650 9 _aWody podziemne
_xochrona
650 9 _aHydrologia
_xzagadnienia
650 9 _aGleba
_xhydrologia
_xzagadnienia
650 9 _aRolnictwo a środowisko człowieka
710 0 _aInstytut Melioracji i Użytków Zielonych
830 _x1642-8145
040 _cBPK
041 0 _apol
_beng
080 _a556:504.4:631.432
942 _cKS
008 s pl f |000 0 pol
999 _c42995
_d42995
856 _uhttp://koha.tu.koszalin.pl/cgi-bin/koha/opac-detail.pl?biblionumber=42995
_yKatalog online BPK